LEADER 00930cam0 22002531 450 001 SOBE00075316 005 20230314153435.0 100 $a20230309d1928 |||||ita|0103 ba 101 $afre 102 $aIT 200 1 $a<>grammaire française en quarante et un tableaux synoptiques, à l'usage Des ecoles moyennes d'Italie$ephonétique, morphologie, syntaxe ... 210 $aMilan$cC. Signorelli$d1928 215 $a77 p.$d26 cm 500 10$a<>grammaire française$3SOBA00027049$93041310 700 1$aCaricati$b, Augusto$3A600200061786$4070$0201968 801 0$aIT$bUNISOB$c20230314$gRICA 850 $aUNISOB 852 $aUNISOB$j840$m178981 912 $aSOBE00075316 940 $aM 102 Monografia moderna SBN 941 $aM 957 $a840$b001777$gSI$d178981$n20230309$rdono$tD$1gargio1$2UNISOB$3UNISOB$420230309125538.0$520230309125613.0$6gargio1 996 $aGrammaire française$93041310 997 $aUNISOB LEADER 01055nam0 22002411i 450 001 UON00184773 005 20231205103148.625 010 $a88-238-0030-7 100 $a20030730d1989 |0itac50 ba 101 $aita 102 $aIT 105 $a|||| 1|||| 200 1 $aˆIl ‰sistema bancario italiano e l'integrazione dei mercati$eun confronto delle s trutture e degli ordinamenti dei principali paesi$fL. Anderloni$gE. Carluccio$gG. Forestieri$gE. Gualandri$gF. Jarc$gM. Onado 210 $aMilano$cEgea$d1989 - XV ;422 p. ; 24 cm 606 $aDiritto Bancario$xStudi$3UONC034366$2FI 702 1$aFORESTIERI$bGiancarlo$3UONV104398 702 1$aOnado$bMarco$3UONV100965 801 $aIT$bSOL$c20250328$gRICA 899 $aSIBA - SISTEMA BIBLIOTECARIO DI ATENEO$2UONSI 912 $aUON00184773 950 $aSIBA - SISTEMA BIBLIOTECARIO DI ATENEO$dSI PUB G 0573 $eSI SC 20675 5 0573 996 $aSistema bancario italiano e l'integrazione dei mercati$956005 997 $aUNIOR